01326cam a22003497a 4500003000500000005001700005008004100022010001000063011001000073020001500083035001000098040000900108082001200117100003500129245010300164260010300267300002300370590004100393590004100434590004100475590004100516590004200557650004100599700003100640700002900671901000700700905002600707942001000733949007300743999001700816952014300833CHAP20220329141923.0980605d1993 ch r 00110 eng d a75729 a76701 a2831701945 a86287 cCHAP04a591bG700aGroombridge, Brianeed.95078710a1994 IUCN red list of threatened animalsc/ed. by Brian Groombridge, Georgina Mace and George Rabb aGland, Switzerland :bInternational Union for Conservation of Nature and Natural Resources,c1993. a286 p. :bgráfs. aBATCH-UPDb10c20130110lUCH01h0452 aBATCH-UPDb10c20130110lUCH01h2232 aBATCH-UPDb10c20130410lUCH01h0129 aBATCH-UPDb10c20130914lUCH01h1951 aCONVERSIONb10c20130109lUCH01h134114aZoologíaxClasificación.91241640 aMace, Georginaeed.9693660 aRabb, Georgeeed.993624 aBK aAlejandra Carrasco M. cLIBRO a591 G7bBCcCd33724000628574eCgI.182670h93241i86287sbt$255.00 c75729d75729 00102ddc4051708CaBCbBCcPA_CONSULTAd2019-12-31eI.182670fLIBROl0o591 G7p33724000628574r2019-12-31 00:00:00w2019-12-31yLIBRO